[Event "IECG CP-2005-P-00071"]
[Site "IECG email"]
[Date "2005.10.01"]
[Round "?"]
[White "Rigney, Mike"]
[Black "Lehnberger, Karl"]
[Result "0-1"]
[WhiteElo "887"]
[BlackElo "1637"]
[PlyCount "24"]
[EventDate "2005.??.??"]
[EventType "tourn (corr)"]
[EventRounds "6"]
[SourceTitle "Corr 2024"]
[Source "ChessBase"]
[SourceDate "2023.10.19"]
[SourceVersion "1"]
[SourceVersionDate "2023.10.19"]
[SourceQuality "1"]

1. d4 Nf6 2. c4 g6 3. Nc3 Bg7 4. e4 d6 5. Nf3 0-0 6. Bg5 h6 7. Be3 Ng4 8. Qd2 Nxe3 9. Qxe3 Nd7 10. Bd3 c5 11. Bc2 Qb6 12. Nd5 Qxb2 0-1

[Event "IECG CP.2003.P.00021 email"]
[Site "IECG email"]
[Date "2003.10.01"]
[Round "?"]
[White "Cervinka, Rudolf"]
[Black "Rigney, Mike"]
[Result "1-0"]
[WhiteElo "1703"]
[BlackElo "879"]
[PlyCount "61"]
[EventDate "2003.10.01"]
[EventType "tourn (corr)"]
[EventRounds "6"]
[EventCountry "GER"]
[SourceTitle "Corr 2008"]
[Source "ChessBase"]
[SourceDate "2008.06.24"]
[SourceVersion "1"]
[SourceVersionDate "2008.06.24"]
[SourceQuality "1"]

1. e4 e6 2. d4 d5 3. Nc3 Bb4 4. e5 c5 5. a3 Bxc3+ 6. bxc3 Qc7 7. Nf3 Ne7 8. Rb1 b6 9. Bb5+ Bd7 10. Bd3 c4 11. Be2 Nbc6 12. 0-0 0-0-0 13. Bf4 Ng6 14. Bg3 h5 15. h3 h4 16. Bh2 Rdf8 17. Qc1 Qd8 18. Qb2 Qe7 19. Rfd1 Be8 20. Re1 f6 21. exf6 Rxf6 22. Nd2 Rhf8 23. Bf3 Nf4 24. Bxf4 Rxf4 25. Bxd5 Qg5 26. Bxe6+ Kc7 27. f3 Bh5 28. d5 Bxf3 29. Nxf3 Rxf3 30. Qb5 Qf4 31. Qxc6+ 1-0

[Event "IECG CP.2003.P.00021 email"]
[Site "IECG email"]
[Date "2003.10.01"]
[Round "?"]
[White "Rigney, Mike"]
[Black "Kleine, Joachim"]
[Result "0-1"]
[WhiteElo "879"]
[BlackElo "1633"]
[PlyCount "40"]
[EventDate "2003.10.01"]
[EventType "tourn (corr)"]
[EventRounds "6"]
[EventCountry "GER"]
[SourceTitle "Corr 2008"]
[Source "ChessBase"]
[SourceDate "2008.06.24"]
[SourceVersion "1"]
[SourceVersionDate "2008.06.24"]
[SourceQuality "1"]

1. d4 Nf6 2. c4 e6 3. Nc3 Bb4 4. e3 0-0 5. Bd3 d5 6. Nf3 c5 7. 0-0 Nc6 8. a3 Bxc3 9. bxc3 dxc4 10. Bxc4 Qc7 11. Ba2 e5 12. h3 e4 13. Nh2 Na5 14. f3 b6 15. Ng4 Nxg4 16. fxg4 Bb7 17. Bd2 Rad8 18. Qe2 Nc6 19. d5 Ne5 20. c4 Ba6 0-1

[Event "IECG CP.2003.P.00021 email"]
[Site "IECG email"]
[Date "2003.10.01"]
[Round "?"]
[White "Szokol, Imre"]
[Black "Rigney, Mike"]
[Result "1-0"]
[WhiteElo "1185"]
[BlackElo "879"]
[PlyCount "83"]
[EventDate "2003.10.01"]
[EventType "tourn (corr)"]
[EventRounds "6"]
[EventCountry "GER"]
[SourceTitle "Corr 2008"]
[Source "ChessBase"]
[SourceDate "2008.06.24"]
[SourceVersion "1"]
[SourceVersionDate "2008.06.24"]
[SourceQuality "1"]

1. e4 e6 2. d4 d5 3. e5 c5 4. c3 Nc6 5. Nf3 Qb6 6. Be2 Nh6 7. Bxh6 gxh6 8. Qd2 Bg7 9. 0-0 Bd7 10. Na3 0-0 11. Nc2 f6 12. exf6 Rxf6 13. Ne5 Nxe5 14. dxe5 Rf7 15. f4 Bb5 16. Bxb5 Qxb5 17. b3 Raf8 18. Qe3 h5 19. c4 d4 20. cxb5 dxe3 21. g3 h4 22. Nxe3 hxg3 23. hxg3 h5 24. Nc4 Rd8 25. Rad1 Rxd1 26. Rxd1 h4 27. Nd6 Rd7 28. gxh4 Bh6 29. Rf1 Bf8 30. Ne4 Be7 31. h5 Rd4 32. Ng3 c4 33. bxc4 Rxc4 34. f5 exf5 35. Nxf5 Bc5+ 36. Kg2 Re4 37. Nh6+ Kg7 38. Nf7 Rb4 39. h6+ Kh7 40. e6 Rxb5 41. Rf5 Rb2+ 42. Kf1 1-0

[Event "IECG CF.2003.0.00045 email"]
[Site "IECG email"]
[Date "2003.04.12"]
[Round "?"]
[White "Kriksciunas, Bronislavas"]
[Black "Rigney, Mike"]
[Result "1-0"]
[WhiteElo "1100"]
[BlackElo "1000"]
[PlyCount "57"]
[EventDate "2003.04.12"]
[EventType "tourn (corr)"]
[EventRounds "6"]
[SourceTitle "Corr 2008"]
[Source "ChessBase"]
[SourceDate "2008.06.24"]
[SourceVersion "1"]
[SourceVersionDate "2008.06.24"]
[SourceQuality "1"]

1. e4 e6 2. d4 d5 3. Nd2 c5 4. Ngf3 Nc6 5. Bb5 Bd6 6. e5 Bb8 7. dxc5 Nge7 8. 0-0 0-0 9. Re1 Ng6 10. Bxc6 bxc6 11. b4 f6 12. Bb2 fxe5 13. Nxe5 Nxe5 14. Bxe5 Bxe5 15. Rxe5 Qh4 16. c3 Qxf2+ 17. Kh1 a5 18. a3 axb4 19. cxb4 Qd4 20. Qe1 Qb2 21. Re3 Rf2 22. Rd1 Rf7 23. Rb1 Qa2 24. Qc1 d4 25. Reb3 Rf2 26. R1b2 Rxd2 27. Qxd2 Qa1+ 28. Rb1 Rxa3 29. Qc1 1-0

[Event "IECG CF.2003.0.00045 email"]
[Site "IECG email"]
[Date "2003.04.12"]
[Round "?"]
[White "Nemeth, Laszlo"]
[Black "Rigney, Mike"]
[Result "1-0"]
[WhiteElo "1000"]
[BlackElo "1000"]
[PlyCount "61"]
[EventDate "2003.04.12"]
[EventType "tourn (corr)"]
[EventRounds "6"]
[SourceTitle "Corr 2008"]
[Source "ChessBase"]
[SourceDate "2008.06.24"]
[SourceVersion "1"]
[SourceVersionDate "2008.06.24"]
[SourceQuality "1"]

1. e4 e6 2. d4 d5 3. Nc3 Bb4 4. Bd3 dxe4 5. Bxe4 Nf6 6. Bg5 c5 7. dxc5 Qxd1+ 8. Rxd1 Nbd7 9. Bf3 Bxc5 10. Nge2 0-0 11. 0-0 Ne5 12. Be4 Nxe4 13. Nxe4 Bb6 14. Nd6 Bd8 15. Bxd8 Rxd8 16. Rd2 Bd7 17. f4 Nc4 18. Nxc4 Bb5 19. Rxd8+ Rxd8 20. b3 Bxc4 21. bxc4 Rd2 22. Kf2 Rxc2 23. Rd1 Kf8 24. Rd7 Rxa2 25. Rxb7 a5 26. Ra7 Rc2 27. Rxa5 Rxc4 28. Ra7 g6 29. Ke3 Kg7 30. Nd4 Kf6 31. Nf3 1-0

[Event "IECG CF.2003.0.00045 email"]
[Site "IECG email"]
[Date "2003.04.12"]
[Round "?"]
[White "Pastor Abia, Luis"]
[Black "Rigney, Mike"]
[Result "1-0"]
[WhiteElo "800"]
[BlackElo "1000"]
[PlyCount "59"]
[EventDate "2003.04.12"]
[EventType "tourn (corr)"]
[EventRounds "6"]
[SourceTitle "Corr 2008"]
[Source "ChessBase"]
[SourceDate "2008.06.24"]
[SourceVersion "1"]
[SourceVersionDate "2008.06.24"]
[SourceQuality "1"]

1. e4 e6 2. d4 d5 3. Nc3 Bb4 4. e5 c5 5. a3 Bxc3+ 6. bxc3 Qc7 7. Qg4 f6 8. Nf3 c4 9. Be2 Nc6 10. Qg3 Qf7 11. 0-0 Nge7 12. exf6 gxf6 13. Nh4 Bd7 14. Qc7 Ng6 15. Bh5 Rc8 16. Qxb7 Kd8 17. Bf4 Qg7 18. Nxg6 hxg6 19. Bf3 g5 20. Bd6 e5 21. Bxd5 Qh6 22. h3 g4 23. dxe5 fxe5 24. Bxc6 Rxc6 25. Bxe5 gxh3 26. Rfe1 Rh7 27. Qb8+ Bc8 28. Rad1+ Rd7 29. Rxd7+ Kxd7 30. Qxa7+ 1-0

[Event "IECG CF.2003.0.00045 email"]
[Site "IECG email"]
[Date "2003.04.12"]
[Round "?"]
[White "Rigney, Mike"]
[Black "MacFarlane, Martin"]
[Result "0-1"]
[WhiteElo "1000"]
[BlackElo "1120"]
[PlyCount "62"]
[EventDate "2003.04.12"]
[EventType "tourn (corr)"]
[EventRounds "6"]
[SourceTitle "Corr 2008"]
[Source "ChessBase"]
[SourceDate "2008.06.24"]
[SourceVersion "1"]
[SourceVersionDate "2008.06.24"]
[SourceQuality "1"]

1. d4 d6 2. c4 Nd7 3. Nc3 e5 4. d5 h6 5. e4 Ngf6 6. Nf3 Be7 7. Be2 Nf8 8. 0-0 g5 9. Ne1 Ng6 10. Nd3 Nf4 11. b4 Bd7 12. f3 h5 13. Be3 Qc8 14. c5 h4 15. Nxf4 gxf4 16. Bf2 h3 17. g3 fxg3 18. Bxg3 Rg8 19. Kh1 Nh5 20. Bxe5 dxe5 21. Rg1 Rg6 22. Rc1 Nf4 23. d6 Nxe2 24. Nxe2 Bg5 25. Rc3 Bc6 26. Ng3 a5 27. Qb3 axb4 28. Rd3 Ra3 29. Qc4 Be3 30. Rgd1 Rxd3 31. Qxd3 Bxc5 0-1

[Event "IECG CF.2002.0.00038 email"]
[Site "IECG email"]
[Date "2002.12.05"]
[Round "?"]
[White "Rigney, Mike"]
[Black "Fuller, Robert C"]
[Result "0-1"]
[WhiteElo "1000"]
[BlackElo "1150"]
[PlyCount "44"]
[EventDate "2002.12.05"]
[EventType "tourn (corr)"]
[EventRounds "6"]
[SourceTitle "Corr 2008"]
[Source "ChessBase"]
[SourceDate "2008.06.24"]
[SourceVersion "1"]
[SourceVersionDate "2008.06.24"]
[SourceQuality "1"]

1. d4 e6 2. e4 c5 3. c3 d5 4. e5 Nc6 5. Nf3 f6 6. Bb5 Bd7 7. 0-0 Nxe5 8. Nxe5 Bxb5 9. Qh5+ g6 10. Nxg6 hxg6 11. Qxh8 Bxf1 12. Kxf1 Kf7 13. dxc5 Bg7 14. Qh3 Qc7 15. Be3 Ne7 16. g3 Nf5 17. b4 Nxe3+ 18. fxe3 a5 19. a3 axb4 20. cxb4 Rh8 21. Qg2 Qe5 22. Ra2 Qf5+ 0-1

[Event "IECG CF.2002.0.00038 email"]
[Site "IECG email"]
[Date "2002.12.05"]
[Round "?"]
[White "Riker, James"]
[Black "Rigney, Mike"]
[Result "0-1"]
[WhiteElo "1037"]
[BlackElo "1000"]
[PlyCount "114"]
[EventDate "2002.12.05"]
[EventType "tourn (corr)"]
[EventRounds "6"]
[SourceTitle "Corr 2008"]
[Source "ChessBase"]
[SourceDate "2008.06.24"]
[SourceVersion "1"]
[SourceVersionDate "2008.06.24"]
[SourceQuality "1"]

1. e4 e6 2. d4 d5 3. Nc3 Bb4 4. Bd2 dxe4 5. Nxe4 Qxd4 6. Bc3 Qxe4+ 7. Qe2 Qxe2+ 8. Bxe2 Bxc3+ 9. bxc3 Nf6 10. Nf3 b6 11. 0-0 Ba6 12. c4 Nbd7 13. Bd3 Nc5 14. Be2 0-0-0 15. Rad1 Rxd1 16. Rxd1 Rd8 17. Rxd8+ Kxd8 18. Ne5 Ke8 19. f4 Bb7 20. Nd3 Nxd3 21. cxd3 Nd7 22. d4 c5 23. dxc5 Nxc5 24. h3 Be4 25. Kf2 Nd3+ 26. Ke3 Nxf4 27. Kxf4 Bxg2 28. h4 Ke7 29. Bd3 h6 30. Be4 Bf1 31. a3 Bxc4 32. Ke5 b5 33. Kd4 Kd6 34. Bc2 e5+ 35. Ke3 a5 36. Ke4 b4 37. axb4 axb4 38. Ke3 Ba2 39. Kd2 Kd5 40. Kd3 e4+ 41. Ke3 b3 42. Bxe4+ Ke5 43. Bd3 b2 44. h5 b1Q 45. Bxb1 Bxb1 46. Kf3 Kf5 47. Kg3 Ke4 48. Kg4 f5+ 49. Kg3 Ke3 50. Kh4 f4 51. Kg4 f3 52. Kg3 Ke2 53. Kf4 f2 54. Kg3 f1Q 55. Kh4 Qg1 56. Kh3 Bf5+ 57. Kh4 Qh2# 0-1

[Event "IECG CF.2002.0.00028 email"]
[Site "IECG email"]
[Date "2002.06.19"]
[Round "?"]
[White "Gonchigsuren, Bor"]
[Black "Rigney, Mike"]
[Result "1-0"]
[WhiteElo "1000"]
[BlackElo "1000"]
[PlyCount "39"]
[EventDate "2002.06.19"]
[EventType "tourn (corr)"]
[EventRounds "6"]
[SourceTitle "Corr 2008"]
[Source "ChessBase"]
[SourceDate "2008.06.24"]
[SourceVersion "1"]
[SourceVersionDate "2008.06.24"]
[SourceQuality "1"]

1. e4 e6 2. d4 d5 3. Nc3 Bb4 4. e5 c5 5. Nf3 Bd7 6. a3 Bxc3+ 7. bxc3 Qa5 8. Rb1 cxd4 9. Qxd4 Nc6 10. Qe3 Qc7 11. Bd3 f6 12. exf6 gxf6 13. 0-0 0-0-0 14. Nd4 Ne5 15. f4 Ng4 16. Qe2 e5 17. f5 e4 18. Qxg4 exd3 19. Qg7 Qxc3 20. Bb2 1-0